MARC

LEADER 00000nam0a2200000 4500
001 244142
005 20231101232028.0
010 |a 5731000042 
035 |a (RuTPU)RU\TPU\book\265523 
090 |a 244142 
100 |a 20131016d1990 k y0rusy50 ca 
101 0 |a rus 
102 |a RU 
105 |a a z 001zy 
200 1 |a Проблемы управления трудовыми ресурсами  |e межвузовский сборник  |f Ленинградский финансово-экономический институт им. Н. А. Вознесенского (ЛФЭИ) ; под ред. Э. Р. Саруханова 
210 |a Ленинград  |c ЛФЭИ  |d 1990 
215 |a 174 с.  |c ил. 
320 |a Библиогр. в примеч. 
606 1 |a Трудовые ресурсы  |x Управление  |2 stltpush  |3 (RuTPU)RU\TPU\subj\37115  |9 58255 
610 1 |a экономические реформы 
610 1 |a процессы 
610 1 |a рынок труда 
610 1 |a трудоустройство 
610 1 |a автоматизация 
686 |a У9(2)240  |2 rubbk 
702 1 |a Саруханов  |b Э. Р.  |4 340 
712 0 2 |a Ленинградский финансово-экономический институт им. Н. А. Вознесенского (ЛФЭИ)  |c (1930-1991)  |2 stltpush  |3 (RuTPU)RU\TPU\col\5601 
801 1 |a RU  |b 63413507  |c 20131016 
801 2 |a RU  |b 63413507  |c 20161011  |g RCR 
942 |c BK